| 000 | 00549pam a2200181 i 4500 | ||
|---|---|---|---|
| 005 | 20250901165603.0 | ||
| 008 | 751110s1976 nyu b 001 0 eng | ||
| 010 | _a 75036203 | ||
| 020 |
_a0275227405 : _c$10.00. _a0275855309 _c$3.95 |
||
| 050 | 0 | 0 |
_aHM24 .M25 1976 _b.M25 |
| 082 | 0 | 0 | _a301/.07/2 |
| 100 | 1 | _aManis, Jerome G. | |
| 245 | 1 | 0 |
_aAnalyzing social problems / _cJerome G. Manis. |
| 260 |
_aNew York : _bPraeger, _cc1976. |
||
| 300 |
_axiv, 194 p. ; _c21 cm. |
||
| 500 | _aIncludes index. | ||
| 942 |
_2lcc _hHM24 .M25 1976 |
||
| 999 |
_c6288 _d6288 |
||